000
00258nmm a2200097Ia 4500
008
220120s9999||||xx |||||||||||||||||und||
020
_a
0-07-052929
100
_a
Digit
245
0
_a
June 2011: fedore, 50 pluse mobile phone applications, 100 p
260
_c
2011
999
_c
139679
_d
139679